Trvalo udržateľný rozvoj a stavebníctvo

Stavebníctvo z pohľadu trvalo udržateľného rozvoja a jeho prístupy k zabezpečeniu pre podmienky stavebníctva. Problematika úloh jednotlivých účastníkov výstavbového procesu. Zásady efektívneho využívania zdrojov na ekologických princípoch.

Uložené v:
Podrobná bibliografia
Hlavný autor: Ďurica, Tibor
Médium: Kapitola
Jazyk:Slovak
Predmet:
Tagy: Pridať tag
Žiadne tagy, Buďte prvý, kto otaguje tento záznam!

MARC

LEADER 00000naa$a2200000$$$4500
001 0112840
005 20231012070359.2
041 0 |a slo 
044 |a SK 
245 1 0 |a Trvalo udržateľný rozvoj a stavebníctvo  |c Tibor Ďurica 
520 |a Stavebníctvo z pohľadu trvalo udržateľného rozvoja a jeho prístupy k zabezpečeniu pre podmienky stavebníctva. Problematika úloh jednotlivých účastníkov výstavbového procesu. Zásady efektívneho využívania zdrojov na ekologických princípoch. 
610 2 0 |a rozvoj trvalo udržateľný 
610 2 0 |a stavebníctvo 
610 2 0 |a realizácia výstavby 
610 2 0 |a výroba stavebná 
610 2 0 |a hmoty stavebné 
610 2 0 |a prostredie životné 
610 2 0 |a zdroje energie 
610 2 0 |a ekológia 
100 1 |a Ďurica, Tibor